| 000 | 00499nam a2200157 4500 | ||
|---|---|---|---|
| 001 | 139953 | ||
| 003 | ES-MaACL | ||
| 005 | 20230906195944.0 | ||
| 007 | t| | ||
| 008 | 070214s1944 sp r ||||1| spa d | ||
| 100 | 1 |
_aSchop Santos, Ernesto. _9104655 |
|
| 245 | 1 | 4 |
_aLas materias primas _b: los centros de producción y comercio internacional / _cErnesto Schop Santos. |
| 260 |
_aBarcelona : _bBosch, _c1944. |
||
| 300 |
_a182 p. : _bil. ; _c23 cm + _e4 map. |
||
| 852 |
_aES-MaACL _jC-4739 _bR.25218 |
||
| 999 |
_c139953 _d139953 |
||